WW2 Weapons - Statistics

General Stats
  • This quiz has been taken 190 times
  • The average score is 6 of 31
Answer Stats
Hint Answer % Correct
SMG Mp 40
58%
Rifle M1 GARAND
57%
LMG MG42
52%
pistol 1911
47%
launcher Bazooka
38%
Sniper Kar98k
36%
LMG BREN
34%
Sniper Lee Enfield
31%
Rifle STG 44
29%
Rifle BAR
26%
pistol P 08
25%
SMG PPSH 41
24%
SMG Grease Gun
21%
LMG Lewis
15%
Rifle SVT 40
12%
RIfle FG 42
11%
launcher Panzerschreck
11%
SMG Type 100
11%
Sniper M1903
9%
SMG M1928
9%
Sniper Karabin
7%
Rifle M1A1 Carbine
6%
LMG MG15
5%
Shotgun combat shotgun
3%
Rifle M1941
3%
pistol Machine pistol
3%
melee US shovel
3%
Shotgun sawed off shotgun
2%
Shotgun toggle action
2%
Shotgun M30 luftwaffle Drilling
1%
SMG Waffle 28
1%
No matching quizzes found
Score Distribution
Percent of People with Each Score
Percentile by Number Answered
Your Score History
You have not taken this quiz